[Event "Villahermosa Jugando op"]
[Site "Villahermosa"]
[Date "2016.10.28"]
[Round "1"]
[White "Gonzalez Vidal, Yuri"]
[Black "Alvarez Ramirez, Miguel Angel"]
[Result "1-0"]
[WhiteElo "2546"]
[BlackElo "2275"]
[PlyCount "50"]
[EventDate "2016.10.28"]
[EventType "swiss"]
[EventRounds "9"]
[EventCountry "MEX"]
[SourceTitle "CBM 175 Extra"]
[Source "ChessBase"]
[SourceDate "2016.12.12"]
[SourceVersion "1"]
[SourceVersionDate "2016.12.12"]
[SourceQuality "1"]

1. e4 e5 2. Nf3 Nc6 3. Bc4 Bc5 4. c3 Nf6 5. d3 d6 6. 0-0 0-0 7. Bg5 h6 8. Bh4 g5 9. Bg3 Bg4 10. h3 Bh5 11. Nbd2 a5 12. a4 Qd7 13. Bb5 g4 14. hxg4 Qxg4 15. Kh1 Kh8 16. Qc1 Rg8 17. Nh4 Qg5 18. Nb3 Bb6 19. Nf5 Be2 20. Qxg5 hxg5 21. Rfe1 Bg4 22. Nh6 Rg6 23. Nxg4 Nxg4 24. Kg1 Kg7 25. d4 f6 1-0

[Event "Villahermosa op 3rd"]
[Site "Villahermosa"]
[Date "2014.04.16"]
[Round "2"]
[White "Gonzalez Vidal, Yuri"]
[Black "Alvarez Ramirez, Miguel Angel"]
[Result "1/2-1/2"]
[WhiteElo "2551"]
[BlackElo "2264"]
[PlyCount "61"]
[EventDate "2014.04.15"]
[EventType "swiss"]
[EventRounds "9"]
[EventCountry "MEX"]
[SourceTitle "CBM 159 Extra"]
[Source "ChessBase"]
[SourceDate "2014.04.24"]
[SourceVersion "1"]
[SourceVersionDate "2014.04.24"]
[SourceQuality "1"]

1. e4 c6 2. d4 d5 3. e5 Bf5 4. Nd2 e6 5. Nb3 Nd7 6. Nf3 Ne7 7. Be2 Nc8 8. 0-0 Be7 9. a4 0-0 10. a5 a6 11. c4 dxc4 12. Nbd2 b5 13. axb6 Ncxb6 14. Nxc4 Nxc4 15. Bxc4 Qb6 16. Qe2 a5 17. Be3 Qb7 18. Bg5 Nb6 19. Bd3 Bxd3 20. Qxd3 Nd5 21. h4 h6 22. Bd2 Rfb8 23. Rfc1 a4 24. Rc2 Qa6 25. Qe4 Rb3 26. Qg4 Kf8 27. Rac1 Rc8 28. Qe4 Kg8 29. Qg4 Kf8 30. Qe4 Kg8 31. Qg4 1/2-1/2

[Event "Wch U20"]
[Site "Puerto Madryn"]
[Date "2009.10.29"]
[Round "8"]
[White "Garcia Fuentes, Sergio Miguel"]
[Black "Alvarez Ramirez, Miguel Angel"]
[Result "1-0"]
[WhiteElo "2119"]
[BlackElo "2259"]
[PlyCount "141"]
[EventDate "2009.10.22"]
[EventType "swiss"]
[EventRounds "13"]
[EventCountry "ARG"]
[SourceTitle "EXT 2010"]
[Source "ChessBase"]
[SourceDate "2010.11.25"]
[SourceVersion "1"]
[SourceVersionDate "2010.11.25"]
[SourceQuality "1"]

1. e4 c5 2. Nf3 Nc6 3. d4 cxd4 4. Nxd4 Qb6 5. Nb3 Nf6 6. Nc3 e6 7. Be3 Qc7 8. Qd2 a6 9. 0-0-0 d6 10. f3 Be7 11. g4 b5 12. Kb1 b4 13. Na4 Nd7 14. Qf2 Rb8 15. h4 Nce5 16. Nd4 0-0 17. g5 Nc5 18. Nxc5 dxc5 19. Nb3 c4 20. Nd4 Nc6 21. Bf4 e5 22. Nxc6 Qxc6 23. Bxe5 Rb5 24. Qd4 Be6 25. b3 Bc5 26. Qd2 Ra5 27. Bxc4 Bxc4 28. bxc4 Qa4 29. Bb2 Qxa2+ 30. Kc1 Ra3 31. Rhe1 Rxf3 32. Qd5 Be3+ 33. Rxe3 Rxe3 34. Qd4 Rc3 35. Bxc3 bxc3 36. Qxc3 Qa4 37. Rd5 g6 38. Kd2 Rc8 39. Qd4 Qb4+ 40. Kd3 Qa3+ 41. Qc3 Qc1 42. c5 Qf1+ 43. Kd4 Qf2+ 44. Kc4 Qxh4 45. Qd4 Qh2 46. Rd8+ Rxd8 47. Qxd8+ Kg7 48. Qd4+ Kg8 49. c6 Qxc2+ 50. Kd5 Qh2 51. Qc3 Qc7 52. Qf6 Qb6 53. Kd6 a5 54. Kd7 Qb5 55. Qd4 a4 56. Qd5 Qa6 57. c7 Qa7 58. Kd8 Qb6 59. Kd7 Qa7 60. Qc4 a3 61. Ke7 h5 62. Qxf7+ Kh8 63. Qf8+ Kh7 64. Qh6+ Kg8 65. Qxg6+ Kh8 66. Qxh5+ Kg8 67. Qg6+ Kh8 68. Qf6+ Kg8 69. Kd8 a2 70. c8Q a1Q 71. Qce6+ 1-0

[Event "Wch U20"]
[Site "Puerto Madryn"]
[Date "2009.10.23"]
[Round "2"]
[White "Maldonado, Federico"]
[Black "Alvarez Ramirez, Miguel Angel"]
[Result "1-0"]
[WhiteElo "2003"]
[BlackElo "2259"]
[PlyCount "99"]
[EventDate "2009.10.22"]
[EventType "swiss"]
[EventRounds "13"]
[EventCountry "ARG"]
[SourceTitle "EXT 2010"]
[Source "ChessBase"]
[SourceDate "2010.11.25"]
[SourceVersion "1"]
[SourceVersionDate "2010.11.25"]
[SourceQuality "1"]

1. d4 d5 2. c4 c6 3. Nf3 Nf6 4. Nc3 e6 5. Bg5 h6 6. Bxf6 Qxf6 7. e3 Nd7 8. Bd3 dxc4 9. Bxc4 g6 10. 0-0 Bg7 11. e4 0-0 12. e5 Qe7 13. Qe2 b5 14. Bd3 Bb7 15. Be4 Rab8 16. Rac1 Rfc8 17. Rfd1 b4 18. Na4 c5 19. Bxb7 Rxb7 20. Rc4 Rbc7 21. dxc5 a5 22. Rxd7 Qxd7 23. Nb6 Qb5 24. Nxc8 Rxc8 25. Qc2 Qb8 26. Qe4 Rd8 27. h4 Rd5 28. c6 Qc7 29. Qe3 Kh7 30. Rc1 Rd8 31. Qe4 Kg8 32. b3 Rd5 33. Qc4 Bxe5 34. Nxe5 Rxe5 35. Qa6 Kg7 36. Qb7 Qxb7 37. cxb7 Rb5 38. Rc7 Kf6 39. Kf1 Ke5 40. Rxf7 Kd4 41. Rc7 Kd3 42. Re7 g5 43. hxg5 hxg5 44. Rxe6 g4 45. Re7 Kd2 46. Rd7+ Kc2 47. f4 gxf3 48. g4 Kb2 49. g5 Kxa2 50. g6 1-0

[Event "American Continental 06th"]
[Site "Sao Paulo"]
[Date "2009.07.29"]
[Round "6"]
[White "Perez Ponsa, Federico"]
[Black "Alvarez Ramirez, Miguel Angel"]
[Result "1/2-1/2"]
[WhiteElo "2435"]
[BlackElo "2236"]
[PlyCount "64"]
[EventDate "2009.07.25"]
[EventType "swiss"]
[EventRounds "11"]
[EventCountry "BRA"]
[SourceTitle "EXT 2022"]
[Source "ChessBase"]
[SourceDate "2021.10.06"]
[SourceVersion "1"]
[SourceVersionDate "2021.10.06"]
[SourceQuality "1"]

1. e4 c5 2. Nf3 d6 3. d4 cxd4 4. Nxd4 Nf6 5. Nc3 a6 6. Bg5 e6 7. f4 Nbd7 8. Qf3 Qc7 9. 0-0-0 b5 10. Bd3 Bb7 11. Rhe1 Qb6 12. Nd5 Qxd4 13. Bxf6 gxf6 14. Bxb5 Qc5 15. Nxf6+ Kd8 16. Nxd7 Qxb5 17. Nxf8 Rxf8 18. Qa3 Ke8 19. Qxd6 Qc6 20. Qd4 Qc7 21. f5 Rc8 22. Rd2 Rd8 23. Qa4+ Qc6 24. Rxd8+ Kxd8 25. Qd4+ Kc8 26. Re3 Qc7 27. Rc3 Bc6 28. Qc4 Kd7 29. Rd3+ Kc8 30. Rc3 Kd7 31. fxe6+ fxe6 32. Rd3+ Ke7 1/2-1/2

[Event "American Continental 06th"]
[Site "Sao Paulo"]
[Date "2009.07.28"]
[Round "5"]
[White "Alvarez Ramirez, Miguel Angel"]
[Black "Saito, Vinicius Ikezu"]
[Result "1-0"]
[WhiteElo "2236"]
[BlackElo "2080"]
[PlyCount "63"]
[EventDate "2009.07.25"]
[EventType "swiss"]
[EventRounds "11"]
[EventCountry "BRA"]
[SourceTitle "CBM 132 Extra"]
[Source "ChessBase"]
[SourceDate "2009.11.03"]
[SourceVersion "1"]
[SourceVersionDate "2009.11.03"]
[SourceQuality "1"]

1. d4 d5 2. c4 c6 3. Nf3 Nf6 4. Nc3 e6 5. Bg5 Nbd7 6. e3 Qa5 7. cxd5 Nxd5 8. Qd2 Bb4 9. Rc1 h6 10. Bh4 0-0 11. e4 Nxc3 12. bxc3 Ba3 13. Rb1 e5 14. Bd3 Re8 15. 0-0 exd4 16. cxd4 Qxd2 17. Nxd2 Nb6 18. Nb3 Bd6 19. Rfc1 f6 20. f3 Be6 21. Nc5 g5 22. Bf2 Rab8 23. Nxe6 Rxe6 24. a4 Kg7 25. a5 Nc8 26. g3 a6 27. Rb3 Bc7 28. d5 Rd6 29. dxc6 bxc6 30. Rxb8 Bxb8 31. Bxa6 Na7 32. Rb1 1-0

[Event "American Continental 06th"]
[Site "Sao Paulo"]
[Date "2009.07.26"]
[Round "3"]
[White "Alvarez Ramirez, Miguel Angel"]
[Black "Suasnabar, Jesus"]
[Result "1-0"]
[WhiteElo "2236"]
[BlackElo "2027"]
[PlyCount "101"]
[EventDate "2009.07.25"]
[EventType "swiss"]
[EventRounds "11"]
[EventCountry "BRA"]
[SourceTitle "CBM 132 Extra"]
[Source "ChessBase"]
[SourceDate "2009.11.03"]
[SourceVersion "1"]
[SourceVersionDate "2009.11.03"]
[SourceQuality "1"]

1. d4 d5 2. c4 e6 3. Nc3 Nf6 4. Nf3 c6 5. Bg5 Be7 6. e3 Nbd7 7. Qc2 0-0 8. Rd1 dxc4 9. Bxc4 Nd5 10. Bxe7 Qxe7 11. 0-0 Nxc3 12. Qxc3 b6 13. e4 Bb7 14. Rfe1 Rac8 15. b4 Rfd8 16. Qb3 Qf6 17. a4 Rc7 18. h3 h6 19. Rc1 Rdc8 20. a5 e5 21. Rcd1 g6 22. dxe5 Nxe5 23. Nxe5 Qxe5 24. Bxf7+ Rxf7 25. Rd7 Qf6 26. Rxb7 Qxf2+ 27. Kh2 Qf4+ 28. Kh1 Kg7 29. Qc3+ Kh7 30. a6 Rcc7 31. Rb8 Qf6 32. e5 Qe6 33. Rd1 Rcd7 34. Rxd7 Rxd7 35. Rb7 Re7 36. Qd4 Kg8 37. Qd8+ Kf7 38. Qh8 h5 39. Qh7+ Ke8 40. Rxe7+ Qxe7 41. Qxg6+ Kd7 42. Qf5+ Kc7 43. Qxh5 Qxb4 44. Qf7+ Kd8 45. Qf6+ Kc7 46. h4 Qe1+ 47. Kh2 c5 48. h5 c4 49. h6 Qe4 50. Qe7+ Kc8 51. Qb7+ 1-0

[Event "American Continental 06th"]
[Site "Sao Paulo"]
[Date "2009.07.25"]
[Round "1"]
[White "Alvarez Ramirez, Miguel Angel"]
[Black "Da Silva, Jose Gomes"]
[Result "1-0"]
[WhiteElo "2236"]
[BlackElo "1852"]
[PlyCount "43"]
[EventDate "2009.07.25"]
[EventType "swiss"]
[EventRounds "11"]
[EventCountry "BRA"]
[SourceTitle "CBM 132 Extra"]
[Source "ChessBase"]
[SourceDate "2009.11.03"]
[SourceVersion "1"]
[SourceVersionDate "2009.11.03"]
[SourceQuality "1"]

1. d4 d5 2. c4 c6 3. Nf3 Nf6 4. Nc3 e6 5. Bg5 Nbd7 6. e3 Qc7 7. Bd3 dxc4 8. Bxc4 Be7 9. 0-0 0-0 10. Rc1 Bb4 11. Qe2 Bxc3 12. bxc3 b6 13. Bf4 Qd8 14. e4 Bb7 15. e5 Nd5 16. Bg5 Qe8 17. Bd3 f6 18. exf6 gxf6 19. Bh6 Rf7 20. Rfe1 Re7 21. c4 Nc7 22. Nh4 1-0

[Event "Carlos Torre Memorial op 21st"]
[Site "Merida"]
[Date "2008.12.15"]
[Round "4"]
[White "Alvarez Pedraza, Aramis"]
[Black "Alvarez Ramirez, Miguel Angel"]
[Result "0-1"]
[WhiteElo "2466"]
[BlackElo "2226"]
[PlyCount "44"]
[EventDate "2008.12.13"]
[EventType "swiss"]
[EventRounds "9"]
[EventCountry "MEX"]
[SourceTitle "CBM 127 Extra"]
[Source "ChessBase"]
[SourceDate "2009.01.08"]
[SourceVersion "2"]
[SourceVersionDate "2009.01.28"]
[SourceQuality "1"]

1. d4 d5 2. Nf3 Nf6 3. c4 c6 4. Nc3 e6 5. Bg5 h6 6. Bh4 g5 7. Bg3 dxc4 8. e4 b5 9. Be2 Bb7 10. 0-0 Nbd7 11. Ne5 Bg7 12. Nxf7 Kxf7 13. e5 Nd5 14. Ne4 Ke7 15. Nd6 Qb6 16. Bg4 Raf8 17. Qc2 Rhg8 18. Qg6 Nc7 19. f4 Bxe5 20. Qh7+ Rg7 21. Qxh6 Qxd4+ 22. Kh1 Bxd6 0-1

[Event "Wch U20"]
[Site "Gaziantep"]
[Date "2008.08.15"]
[Round "13"]
[White "Djuraev, Sokhib"]
[Black "Alvarez Ramirez, Miguel Angel"]
[Result "1-0"]
[WhiteElo "2324"]
[BlackElo "2194"]
[PlyCount "85"]
[EventDate "2008.08.03"]
[EventType "swiss"]
[EventRounds "13"]
[EventCountry "TUR"]
[SourceTitle "CBM 125 Extra"]
[Source "ChessBase"]
[SourceDate "2008.09.01"]
[SourceVersion "1"]
[SourceVersionDate "2008.09.01"]
[SourceQuality "1"]

1. e4 c5 2. Nf3 d6 3. d4 cxd4 4. Nxd4 Nf6 5. f3 e5 6. Nb3 d5 7. Bg5 dxe4 8. Qxd8+ Kxd8 9. fxe4 Be7 10. Nc3 Be6 11. 0-0-0+ Kc8 12. Be2 Nbd7 13. Kb1 a6 14. Rhf1 Rf8 15. Rf3 Kc7 16. Nd5+ Bxd5 17. exd5 Bd6 18. Rc3+ Kb8 19. Nd2 Bb4 20. Rb3 Bxd2 21. Bxd2 Nxd5 22. Bf3 N7f6 23. c4 e4 24. cxd5 exf3 25. Bf4+ Ka7 26. Be3+ Kb8 27. gxf3 a5 28. Bf4+ Ka7 29. Bc7 Ka6 30. Rb6+ Ka7 31. Rb5 b6 32. Rxb6 Ne8 33. Rc6 Nxc7 34. Rxc7+ Kb6 35. Rdc1 a4 36. d6 Rad8 37. d7 f6 38. Rc8 Kb7 39. R1c7+ Kb6 40. Rc6+ Kb5 41. Rc3 g5 42. a3 h5 43. R8c6 1-0

[Event "Wch U20"]
[Site "Gaziantep"]
[Date "2008.08.11"]
[Round "9"]
[White "Kjartansson, Gudmundur"]
[Black "Alvarez Ramirez, Miguel Angel"]
[Result "1/2-1/2"]
[WhiteElo "2328"]
[BlackElo "2194"]
[PlyCount "77"]
[EventDate "2008.08.03"]
[EventType "swiss"]
[EventRounds "13"]
[EventCountry "TUR"]
[SourceTitle "CBM 125 Extra"]
[Source "ChessBase"]
[SourceDate "2008.09.01"]
[SourceVersion "1"]
[SourceVersionDate "2008.09.01"]
[SourceQuality "1"]

1. d4 d5 2. c4 c6 3. Nc3 Nf6 4. Nf3 e6 5. Bg5 h6 6. Bxf6 Qxf6 7. e3 Nd7 8. Bd3 dxc4 9. Bxc4 g6 10. 0-0 Bg7 11. Ne4 Qe7 12. Rc1 b6 13. Bd3 Bb7 14. Qa4 a5 15. Ned2 0-0 16. Be4 Rfc8 17. Bxc6 Nc5 18. dxc5 Bxc6 19. Qd1 bxc5 20. Nc4 Rd8 21. Qe2 Be4 22. Rfd1 Rxd1+ 23. Rxd1 Rd8 24. Rxd8+ Qxd8 25. Qd2 Qd3 26. Qxd3 Bxd3 27. Nfd2 Kf8 28. f4 Ke7 29. Kf2 Kd7 30. Ne5+ Bxe5 31. fxe5 Kc6 32. e4 c4 33. Ke3 Kc5 34. a3 a4 35. h4 Bc2 36. g3 Bd3 37. Nf3 Bb1 38. g4 Bc2 39. g5 1/2-1/2

[Event "Wch U20"]
[Site "Gaziantep"]
[Date "2008.08.06"]
[Round "5"]
[White "Caspi, Israel"]
[Black "Alvarez Ramirez, Miguel Angel"]
[Result "1-0"]
[WhiteElo "2412"]
[BlackElo "2194"]
[PlyCount "121"]
[EventDate "2008.08.03"]
[EventType "swiss"]
[EventRounds "13"]
[EventCountry "TUR"]
[SourceTitle "CBM 125 Extra"]
[Source "ChessBase"]
[SourceDate "2008.09.01"]
[SourceVersion "1"]
[SourceVersionDate "2008.09.01"]
[SourceQuality "1"]

1. e4 c5 2. Nf3 d6 3. d4 cxd4 4. Nxd4 Nf6 5. f3 e5 6. Nb3 Be6 7. c4 Qc7 8. Bg5 Be7 9. Nc3 Nbd7 10. Rc1 0-0 11. Qd2 Rfc8 12. Nd5 Qd8 13. Nxe7+ Qxe7 14. Be2 b6 15. 0-0 Rc6 16. Na1 Rac8 17. b3 a5 18. Nc2 h6 19. Be3 Ne8 20. Na3 Nc7 21. Nb1 Nc5 22. Nc3 N7a6 23. Rfd1 Rd8 24. Qb2 Nb8 25. Nd5 Bxd5 26. cxd5 Rcc8 27. a3 Qd7 28. Rc2 f5 29. Qb1 f4 30. Bf2 Qb7 31. Bb5 Kf8 32. Rdc1 Ncd7 33. b4 axb4 34. axb4 Ke7 35. Qa2 Rxc2 36. Qxc2 Rf8 37. Kf1 Qa7 38. Qb2 g5 39. Qc3 Qb7 40. Qc7 Qxc7 41. Rxc7 Kd8 42. Rc3 h5 43. Ke2 Rg8 44. h3 Ke7 45. Rc7 Kd8 46. Rc4 Ke7 47. Kd3 Rf8 48. Kc3 Rh8 49. Kb3 Rf8 50. Ka4 Rg8 51. Rc7 Kd8 52. Ra7 Rg7 53. Bxd7 Nxd7 54. Kb5 g4 55. Bxb6+ Kc8 56. Rc7+ Kd8 57. hxg4 hxg4 58. Ba5 Ke8 59. Kc6 Rh7 60. Rc8+ Ke7 61. Bd8+ 1-0

[Event "Mexican op 54th"]
[Site "Aguascalientes"]
[Date "2008.03.21"]
[Round "5"]
[White "Villarreal, Jose Felix"]
[Black "Alvarez Ramirez, Miguel Angel"]
[Result "1/2-1/2"]
[WhiteElo "2340"]
[BlackElo "2194"]
[PlyCount "84"]
[EventDate "2008.03.18"]
[EventType "swiss"]
[EventRounds "9"]
[EventCountry "MEX"]
[SourceTitle "CBM 123 Extra"]
[Source "ChessBase"]
[SourceDate "2008.05.06"]
[SourceVersion "1"]
[SourceVersionDate "2008.05.06"]
[SourceQuality "1"]

1. e4 c5 2. Nc3 Nc6 3. f4 e6 4. Nf3 Nge7 5. d3 d5 6. Be2 g6 7. 0-0 Bg7 8. Qe1 f5 9. e5 a6 10. Na4 b6 11. c3 Bd7 12. b3 d4 13. cxd4 Nxd4 14. Nxd4 cxd4 15. Bf3 Bc6 16. Qb4 Bxf3 17. Rxf3 b5 18. Nb2 Bf8 19. Qe1 Nd5 20. Bd2 Ba3 21. Nd1 Rc8 22. h4 Rc2 23. h5 gxh5 24. Rg3 Qe7 25. Rg5 Qf7 26. Nf2 Be7 27. Qd1 Rxd2 28. Qxd2 Bxg5 29. fxg5 Qb7 30. Nh3 Kf7 31. Qf2 Rc8 32. Qf3 Rc2 33. Nf4 Qc6 34. Qxh5+ Ke7 35. Qxh7+ Kd8 36. Qg8+ Kc7 37. Nxe6+ Kb6 38. Qd8+ Ka7 39. Qd6 Rxg2+ 40. Kh1 Qc2 41. Qd7+ Kb6 42. Qd8+ Ka7 1/2-1/2

[Event "Carlos Torre Memorial op 20th"]
[Site "Merida"]
[Date "2007.12.16"]
[Round "2"]
[White "Alvarez Ramirez, Miguel Angel"]
[Black "Vera Gonzalez Quevedo, Reynaldo"]
[Result "0-1"]
[WhiteElo "2204"]
[BlackElo "2495"]
[PlyCount "98"]
[EventDate "2007.12.15"]
[EventType "swiss"]
[EventRounds "9"]
[EventCountry "MEX"]
[SourceTitle "CBM 121 Extra"]
[Source "ChessBase"]
[SourceDate "2008.01.10"]
[SourceVersion "1"]
[SourceVersionDate "2008.01.10"]
[SourceQuality "1"]

1. d4 Nf6 2. c4 e6 3. Nf3 d5 4. Nc3 dxc4 5. e4 Bb4 6. Bg5 c5 7. Bxc4 cxd4 8. Nxd4 Qa5 9. Bb5+ Bd7 10. Bxf6 gxf6 11. 0-0 Bxc3 12. Bxd7+ Nxd7 13. bxc3 Rd8 14. Rb1 Qxc3 15. Nb5 Qc6 16. Nd6+ Kf8 17. Nxb7 Rb8 18. Na5 Qxe4 19. Qd6+ Kg7 20. Rxb8 Nxb8 21. Qg3+ Qg6 22. Qc7 Qg5 23. Qxa7 Qd5 24. Nb3 Nc6 25. Qe3 Ra8 26. Qg3+ Kf8 27. Qc3 Ne5 28. Qc2 Qd3 29. Qc5+ Kg7 30. f4 Ng4 31. h3 Ne3 32. Rf2 Qd1+ 33. Kh2 Nf1+ 34. Kg1 Nd2+ 35. Kh2 Nf1+ 36. Kg1 Nd2+ 37. Kh2 Ne4 38. Qc2 Nxf2 39. Qxf2 Qd5 40. Qg3+ Kf8 41. Qf2 Ra4 42. Qc2 Rxf4 43. Qxh7 Qe5 44. Kg1 Re4 45. Qh6+ Kg8 46. Qd2 Re2 47. Qd3 Rxa2 48. Nd4 Qe1+ 49. Kh2 Rd2 0-1

[Event "Wch U18"]
[Site "Kemer"]
[Date "2007.11.27"]
[Round "10"]
[White "Alvarez Ramirez, Miguel Angel"]
[Black "Leenaerts, Robin"]
[Result "0-1"]
[WhiteElo "2204"]
[BlackElo "2115"]
[PlyCount "39"]
[EventDate "2007.11.18"]
[EventType "swiss"]
[EventRounds "11"]
[EventCountry "TUR"]
[SourceTitle "EXT 2009"]
[Source "ChessBase"]
[SourceDate "2008.11.26"]
[SourceVersion "1"]
[SourceVersionDate "2008.11.26"]
[SourceQuality "1"]

1. d4 d5 2. c4 dxc4 3. e3 e5 4. Bxc4 exd4 5. exd4 Nf6 6. Nc3 Bd6 7. Nge2 0-0 8. Bg5 Nbd7 9. Qd2 c6 10. 0-0-0 b5 11. Bd3 Qa5 12. Ng3 Bb4 13. Qc2 Bxc3 14. bxc3 b4 15. Bxf6 Nxf6 16. c4 Qc7 17. Rhe1 a5 18. Re5 h6 19. Qd2 Bd7 20. Re7 0-1

[Event "Pan American-ch U18"]
[Site "Medellin"]
[Date "2007.07.06"]
[Round "8"]
[White "Alvarez Ramirez, Miguel Angel"]
[Black "Del Castilho, Martyn Simon"]
[Result "1-0"]
[WhiteElo "2101"]
[BlackElo "2103"]
[PlyCount "36"]
[EventDate "2007.07.02"]
[EventType "swiss"]
[EventRounds "9"]
[EventCountry "COL"]
[SourceTitle "EXT 2022"]
[Source "ChessBase"]
[SourceDate "2021.10.06"]
[SourceVersion "1"]
[SourceVersionDate "2021.10.06"]
[SourceQuality "1"]

1. d4 d5 2. c4 c6 3. Nf3 Nf6 4. Nc3 a6 5. c5 Nbd7 6. Bf4 Nh5 7. Bd2 Nhf6 8. g3 g6 9. Bg2 Bg7 10. 0-0 0-0 11. Qc2 Re8 12. Rad1 Nh5 13. e4 dxe4 14. Nxe4 Ndf6 15. Nc3 Be6 16. Rfe1 h6 17. Rxe6 fxe6 18. Qxg6 Qc7 1-0

[Event "Pan American-ch U18"]
[Site "Medellin"]
[Date "2007.07.04"]
[Round "5"]
[White "Diaz Ordonez, Ciro"]
[Black "Alvarez Ramirez, Miguel Angel"]
[Result "0-1"]
[WhiteElo "2259"]
[BlackElo "2101"]
[PlyCount "108"]
[EventDate "2007.07.02"]
[EventType "swiss"]
[EventRounds "9"]
[EventCountry "COL"]
[SourceTitle "EXT 2022"]
[Source "ChessBase"]
[SourceDate "2021.10.06"]
[SourceVersion "1"]
[SourceVersionDate "2021.10.06"]
[SourceQuality "1"]

1. e4 c5 2. Nf3 d6 3. d4 cxd4 4. Nxd4 Nf6 5. Nc3 a6 6. Be3 e5 7. Nb3 Be6 8. f3 h5 9. Qd2 Nbd7 10. 0-0-0 Be7 11. Kb1 Qc7 12. h3 b5 13. Bd3 h4 14. f4 Nb6 15. Qf2 Rb8 16. f5 Bc4 17. Nd2 Na4 18. Nxa4 Bxd3 19. cxd3 bxa4 20. Rc1 Qd7 21. Nc4 0-0 22. Rc2 Qb5 23. Qd2 d5 24. Nxe5 Bb4 25. Qe2 dxe4 26. d4 Nd5 27. Qxb5 Rxb5 28. Bf2 Rfb8 29. Ka1 a3 30. b3 Bc3+ 31. Kb1 Bb2 32. Be1 a5 33. Nc4 a4 34. bxa4 R5b7 35. Na5 Rd7 36. Nb3 Bxd4 37. Ba5 Bf6 38. Rhc1 e3 39. Rc8+ Rxc8 40. Rxc8+ Kh7 41. Nc5 Re7 42. Nd3 e2 43. Ne1 Ne3 44. Bc3 Bg5 45. a5 Rb7+ 46. Ka1 Nd1 47. Bd4 Rb4 48. Be5 Rb5 49. Bd4 Rxa5 50. Rc2 Rd5 51. Nf3 Be3 52. Bxe3 Nxe3 53. Rc1 Nxg2 54. Kb1 Rxf5 0-1